Ne-Yo Discography - Statistics

General Stats
  • This quiz has been taken 22 times
  • The average score is 7 of 9
Answer Stats
Type Year Name % Correct
Box Set 2011 Ne-Yo - Triple Pack: In My Own Words / Because of You / Year of the Gentleman
100%
Album 2008 Year of the Gentleman
94%
Album 2006 In My Own Words
83%
Album 2010 Libra Scale
83%
Album 2012 R.E.D.
83%
Album 2007 Because of You
78%
Album 2017 Good Man
67%
Album 2015 Non-Fiction
67%
Compilation 2009 Ne-Yo: The Collection
28%
No matching quizzes found
Score Distribution
Percent of People with Each Score
Percentile by Number Answered
Your Score History
You have not taken this quiz